| 000 | 01411nam a22003497a 4500 | ||
|---|---|---|---|
| 005 | 2011100400550.0 | ||
| 008 | 111004t xxu||||| |||| 00| 0 eng d | ||
| 010 | _aENG-103868 | ||
| 020 |
_a9788125042938 _c525.00 |
||
| 035 | _aEN-87401 | ||
| 037 | _bDBAD/PUB | ||
| 040 |
_aDPL _bEng |
||
| 082 | _a709.54 | ||
| 100 |
_935214 _aMathur, Saloni |
||
| 245 | 0 | 0 |
_aIndia by design : _bcolonial history and cultural display / _cby Saloni Mathur |
| 260 |
_aNew Delhi _bOrient Blackswan _c2011 |
||
| 270 |
_a1/24, Asaf Ali Road _bNew Delhi _e110002 |
||
| 300 |
_axi, 219p. : _c24cm (Hb) _bill. |
||
| 500 | _aIncludes bibliographical references (p. 197-209) and index. | ||
| 600 | _935206 | ||
| 650 |
_935208 _aEast Indians in art. |
||
| 650 |
_aArt, Victorian. _935228 |
||
| 650 |
_aArt, Indic. _935229 |
||
| 650 |
_aOrientalism in art _zEngland _935230 _x History _y19th century. |
||
| 650 |
_aOrientalism in art _zEngland _935231 _xHistory _y20th century. |
||
| 651 |
_aIndia _xIn art. _935232 |
||
| 700 | _935211 | ||
| 830 | _935213 | ||
| 942 |
_2ddc _cEN _mMAT _h709.54 |
||
| 999 |
_c57287 _d57287 |
||